00641nam a2200193Ia 4500008004100000082001700041100001700058245003300075250000800108260002900116300001000145500002400155650001500179700001900194942000700213952010500220952010500325999001700430230524s9999 xx 000 0 und d a241.644bMON aEllen F.Monk 0aEnterprise Resource Planning a2ND aNEW DELHIbCengagec2009 aX;234 aQuantity Number: 2 aManagement a Bret J.Wagner cBK 00104070aTATCLbTATCLcGENd2023-05-24l0o241.644 MONp42903r2023-05-24w2023-05-24yBKzMBA304 00104070aTATCLbTATCLcGENd2023-05-24l0o241.644 MONp42904r2023-05-24w2023-05-24yBKzMBA304 c49334d49334